000 00986nam a22003497a 4500
001 0036490
003 KOHA_MİRAKIL
005 20260207003009.0
007 ta
008 120430b2011 tu |||gr||||#0|||0|tur |
020 _a9786054205295
040 _aTR-BiSEU
_btur
_cTR-BiSEU
_erda
041 0 _atur
044 _ctu
050 _aQA76.73.C15
_bA38 2011
100 1 _aAktaş, Volkan.
245 1 _aHer yönüyle C#/
_cVolkan Aktaş ; Volkan Aktaş.
264 1 _aİstanbul :
_bKodlab
_c2011
300 _axviii, 782 sayfa; 24 cm.
336 _ametin
_btxt
_2rdacontent
337 _aaracısız
_bn
_2rdamedia
338 _acilt
_bnc
_2rdacarrier
490 1 _aKodlab ;
_v31.
500 _aDizin var.
500 _aKaynakça var.
500 _aDış kapakta : Visual studio 2010 her yönüyle C# 4.0
650 0 _aLinguistics.
_926608
650 0 _aLanguage and languages.
_959348
830 1 _aKodlab ;
_v31.
_963243
907 _aBilgisayar
942 _2lcc
_cBK
999 _c36385
_d36385